03248nam a2200673 a 450000500170000000800410001702000150005804100080007309200200008110000290010124501150013025000340024526000440027930000430032350001960036665301530056265300620071565300650077765300630084265300630090565300280096865300410099665300300103765300210106765300470108865300260113565300760116165300790123765300500131665300620136665300420142865300600147065300490153065300390157965300430161865300360166165300380169765300280173565300260176365300840178965300140187365300270188765300200191465300200193465300290195465300260198365300590200965300240206865300480209265300580214065300330219865300490223165300550228070000270233570000350236294200120239799900150240995201500242420240412115312.0110405t2005||||AG a f |||| 001 0 spa d a9879838831 aspa c616.12l17sDOV1 aDoval, Hernán C.93035 aEvidencias en Cardiología IV.bDe los ensayos clínicos a las conductas terapéuticas /cHernán C. Doval a4a ed. ampliada y actualizada aBuenos Aires: bGEDIC ; Atlante;c2005. a790 p.eIncluye Manual Prácticobil. aDoval, H. C., Tajer, C. D. y Ferrante, D. (Coord.). (2005). Evidencias en Cardiología IV. De los ensayos clínicos a las conductas terapéuticas. (4a ed.). Buenos Aires : GEDIC ; Atlante. aInterpretación de ensayos clínicos. Ensayos terapéuticos, metaanálisis, doagnóstico y pronóstico. Herramientas conceptuales y técnicas aEvidencias, práctica clínica y el paciente individual aEfectos adversos de farmacos comunes usados en cardiología aPrevención primaria de las enfermedades cardiovasculares aPrevención secundaria de las enfermedades cardiovascular aHipertensión arterial aDiabetes y enfermedad cardiovascular aCardiopatía isquémica aDolor precordial aTratamiento de la angina crónica estable aSindrome X cardíaco aTratamiento de la angina inestable y del infarto sin elevación del ST aTratamiento del infarto agudo de miocardio con elevación del segmento ST aComplicaciones del infarto agudo de miocardio aEstratificación del riesgo tras el infarto de miocardio aAngioplastía transluminal coronaria aEvaluación prequirúrgica en cirugía no cardíaca aInsuficiencia cardíaca y miocardiopatías aInsuficiencia cardíaca crónica aTratamiento de la enfermedad de Chagas aMiocardiopatía hipertrófica aInsuficiencia cardíaca avanzada aFibrilación auricular aArritmias y síncope aTratamiento de las arritmias supraventriculares: ablación por radiofrecuencia aSíncope aMarcapasos permanentes aMuerte súbita aValvulopatías aValvulopatía aórtica aValvulopatía mitral aProfilaxis antiviótica en la endocarditis infecciosa aEnfermedad vascular aEnfermedad de la arteria carótida interna aArteriopatía obstructiva de los miembros inferiores aAneurisma de aorta abdominal aDisección aórtica y aneurisma torácico aTrombosis venosa profunda-tromboembolismo pulmonar1 aTajer, Carlos D.930361 aFerrante, DanieleCoord.93037 2ddccBK c2245d2245 00102ddc4070aBFMbBFMcCRd2016-03-17eDonación marzo 2016l0o616.12 17 DOVp3637r2016-03-17tEj.1w2016-03-17yBKzDonación marzo 2016